000 00642nam a2200217Ia 4500
999 _c5936
_d5936
003 GCL
005 20240530095311.0
008 140319s9999 xx 000 0 ara d
040 _aGCL /
_cGCL
082 0 4 _a001.4
_bم ط
100 1 _aمحمد جهاد جمل
245 1 0 _aطرائق اعداد البحث الصفى /
_cمحمد جهاد جمل
250 _aالاولى
260 _aالامارات :
_bدار الكتاب الجامعى ،
_c2003
300 _a192 ص ؛
_c24 سم
650 0 4 _aطرق البحث
650 0 4 _aالبحث
650 0 4 _aالبحث العربى
650 0 4 _aالتلخيص
942 _2ddc
_cBK